<?xml version="1.0" encoding="UTF-8"?><?xml-stylesheet type="text/xsl" href="static/style.xsl"?><OAI-PMH xmlns="http://www.openarchives.org/OAI/2.0/" xmlns:xsi="http://www.w3.org/2001/XMLSchema-instance" xsi:schemaLocation="http://www.openarchives.org/OAI/2.0/ http://www.openarchives.org/OAI/2.0/OAI-PMH.xsd"><responseDate>2026-04-14T07:54:45Z</responseDate><request verb="GetRecord" identifier="oai:www.recercat.cat:2445/173212" metadataPrefix="marc">https://recercat.cat/oai/request</request><GetRecord><record><header><identifier>oai:recercat.cat:2445/173212</identifier><datestamp>2025-12-04T20:55:03Z</datestamp><setSpec>com_2072_1057</setSpec><setSpec>col_2072_478796</setSpec><setSpec>col_2072_478917</setSpec></header><metadata><record xmlns="http://www.loc.gov/MARC21/slim" xmlns:dcterms="http://purl.org/dc/terms/" xmlns:xsi="http://www.w3.org/2001/XMLSchema-instance" xmlns:doc="http://www.lyncode.com/xoai" xsi:schemaLocation="http://www.loc.gov/MARC21/slim http://www.loc.gov/standards/marcxml/schema/MARC21slim.xsd">
   <leader>00925njm 22002777a 4500</leader>
   <datafield ind2=" " ind1=" " tag="042">
      <subfield code="a">dc</subfield>
   </datafield>
   <datafield ind2=" " ind1=" " tag="720">
      <subfield code="a">Jornet Somoza, Joaquim</subfield>
      <subfield code="e">author</subfield>
   </datafield>
   <datafield ind2=" " ind1=" " tag="720">
      <subfield code="a">Cosi, F.</subfield>
      <subfield code="e">author</subfield>
   </datafield>
   <datafield ind2=" " ind1=" " tag="720">
      <subfield code="a">Fumanal Quintana, María</subfield>
      <subfield code="e">author</subfield>
   </datafield>
   <datafield ind2=" " ind1=" " tag="720">
      <subfield code="a">Deumal i Solé, Mercè</subfield>
      <subfield code="e">author</subfield>
   </datafield>
   <datafield ind2=" " ind1=" " tag="260">
      <subfield code="c">2021-01-18T14:05:53Z</subfield>
   </datafield>
   <datafield ind2=" " ind1=" " tag="260">
      <subfield code="c">2022-01-18T06:10:13Z</subfield>
   </datafield>
   <datafield ind2=" " ind1=" " tag="260">
      <subfield code="c">2021-01-18</subfield>
   </datafield>
   <datafield ind2=" " ind1=" " tag="260">
      <subfield code="c">2021-01-18T14:05:53Z</subfield>
   </datafield>
   <datafield ind2=" " ind1=" " tag="520">
      <subfield code="a">The Cu2(1,4-diazacycloheptane)2Cl4 (CuHpCl) crystal is a molecular transition metal antiferromagnetic complex, whose magnetism has been a long-lasting issue. The outcome of a variety of experimental studies (on magnetic susceptibility, heat capacity, magnetization, spin gap and INS) reported many different J values depending on the fitting ladder model used. From all available experimental data, one can infer that CuHpCl is a very complex system with many competing microscopic magnetic JAB interactions that lead to its overall antiferromagnetic behavior. A first-principles bottom-up study of CuHpCl is thus necessary in order to fully disentangle its magnetism. Here we incorporate data from ab initio computations providing the magnitude of the JAB interactions to investigate the microscopic magnetic couplings in CuHpCl and, ultimately, to understand the macroscopic magnetic behavior of this crystal. Strikingly, the resulting magnetic topology can be pictured as a 3D network of interacting squared plaquette magnetic building blocks, which does not agree with the suggested ladder motif (with uniform rails) that arises from direct observation of the crystal packing. The computed magnetic susceptibility, heat capacity and magnetization data show good agreement with the experimental data. In spite of this agreement, only the calculated magnetization data are used to discriminate between the different spin regimes in CuHpCl, namely gapped singlet, partially polarized and fully polarized phases. Additional analysis of the magnetic wavefunction enables the conclusion that long-range spin correlation can be discarded as being responsible for the partially polarized phase, whose magnetic response is in fact due to the complex interplay of the magnetic moments in the 3D magnetic topology.</subfield>
   </datafield>
   <datafield tag="653" ind2=" " ind1=" ">
      <subfield code="a">Materials ferromagnètics</subfield>
   </datafield>
   <datafield tag="653" ind2=" " ind1=" ">
      <subfield code="a">Magnetisme</subfield>
   </datafield>
   <datafield tag="653" ind2=" " ind1=" ">
      <subfield code="a">Ferromagnetic materials</subfield>
   </datafield>
   <datafield tag="653" ind2=" " ind1=" ">
      <subfield code="a">Magnetism</subfield>
   </datafield>
   <datafield ind2="0" ind1="0" tag="245">
      <subfield code="a">Disentangling the magnetic dimensionality of alleged magnetically isolated cuprate spin-ladder CuHpCl system: a long lasting issue</subfield>
   </datafield>
</record></metadata></record></GetRecord></OAI-PMH>